000 00301nam a22001337a 4500
008 170724b xxu||||| |||| 00| 0 eng d
020 _a9780071490849
041 _aeng
080 _a004
100 _a29
101 _aSHKI
245 _aMICROSOFT EXCHANGE SERVER 2007
_cLUCKETT, R
942 _2udc
_cBK
999 _c21807
_d21807